| 000 | 00442nam a22001697a 4500 | ||
|---|---|---|---|
| 003 | MPLRDC | ||
| 005 | 20220104144008.0 | ||
| 008 | 210129b ||||| |||| 00| 0 eng d | ||
| 082 | _a523.321 LXQ 1995 | ||
| 100 | _a李修强、AMIN JALIL编 | ||
| 245 |
_a马来文综合辅导练习 UPSR _c |
||
| 250 | _a初版 | ||
| 260 |
_a _b大地出版社 _c1995 |
||
| 300 | _b平 | ||
| 650 | _a小学教学法--数学 | ||
| 942 |
_cBK _o523.321 LXQ 1995 |
||
| 999 |
_c45367 _d45357 |
||